Japanische Kleidungsstile - Statistiken

Allgemein
  • Dieses Quiz wurde 29 mal gespielt
  • Das Durchschnittsergebnis liegt bei 2 aus 16
Antwortstatistiken
Bildquiz Hint Antwort % Korrekt
Kimono/Yukata
84%
Cosplay
44%
Harajuku
20%
Diesen Kleidungsstil gibt es eigentlich Weltweit. Der Begriff kommt nur aus Japan. Gal
16%
Gothic Lolita
16%
Sweet Lolita
12%
Ganguro
8%
Classic Lolita
4%
Aristocrat
0%
Country Lolita
0%
Folk Lolita
0%
Hime Gyaru
0%
Kogyaru
0%
Manba Gyaru
0%
Punk Lolita
0%
Walolita
0%
Keine übereinstimmenden Quizze gefunden
Verteilung der Resultate
Anzahl Personen mit jedem Resultat
Perzentil nach korrekt beantworteten Fragen
Ihre Resultats-Entwicklung
Sie haben dieses Quiz noch nicht gespielt